Микровзрывная фрагментация группы неоднородных капель топлив; Письма в Журнал технической физики; Т. 46, вып. 10

Бібліографічні деталі
Parent link:Письма в Журнал технической физики
Т. 46, вып. 10.— 2020.— [С. 14-17]
Автор: Антонов Д. В. Дмитрий Владимирович
Співавтор: Национальный исследовательский Томский политехнический университет Инженерная школа энергетики Научно-образовательный центр И. Н. Бутакова (НОЦ И. Н. Бутакова)
Інші автори: Стрижак П. А. Павел Александрович, Федоренко Р. М. Роман Михайлович
Резюме:Заглавие с экрана
Представлены результаты экспериментальных исследований процессов микровзрывной фрагментации двухкомпонентных (дизельное топливо-вода) капель при нагреве в высокотемпературной среде. Опыты проведены с группой из 10-30 падающих капель в трубчатой муфельной печи. Изучены времена задержки микровзрыва. Показано, что взаимное расположение капель существенно влияет на интегральные характеристики процесса. Установлены предельные расстояния между каплями (от 8 до 10 радиусов), при которых характеристики микровзрыва близки к регистрируемым в опытах с одиночными каплями. Ключевые слова: микровзрыв, фрагментация, вторичное измельчение, капли топлива, коллективные эффекты.
Мова:Російська
Опубліковано: 2020
Предмети:
Онлайн доступ:http://dx.doi.org/10.21883/PJTF.2020.10.49424.18244
Формат: MixedMaterials Електронний ресурс Частина з книги
KOHA link:https://koha.lib.tpu.ru/cgi-bin/koha/opac-detail.pl?biblionumber=662710

MARC

LEADER 00000naa0a2200000 4500
001 662710
005 20250410124848.0
035 |a (RuTPU)RU\TPU\network\33865 
035 |a RU\TPU\network\33250 
090 |a 662710 
100 |a 20200924d2020 k||y0rusy50 ca 
101 0 |a rus 
102 |a RU 
135 |a drcn ---uucaa 
181 0 |a i  
182 0 |a b 
200 1 |a Микровзрывная фрагментация группы неоднородных капель топлив  |d Microexplosive Fragmentation of a Group of Inhomogeneous Fuel Droplets  |f Д. В. Антонов, П. А. Стрижак, Р. М. Федоренко 
203 |a Текст  |c электронный 
300 |a Заглавие с экрана 
320 |a [Библиогр.: 10 назв.] 
330 |a Представлены результаты экспериментальных исследований процессов микровзрывной фрагментации двухкомпонентных (дизельное топливо-вода) капель при нагреве в высокотемпературной среде. Опыты проведены с группой из 10-30 падающих капель в трубчатой муфельной печи. Изучены времена задержки микровзрыва. Показано, что взаимное расположение капель существенно влияет на интегральные характеристики процесса. Установлены предельные расстояния между каплями (от 8 до 10 радиусов), при которых характеристики микровзрыва близки к регистрируемым в опытах с одиночными каплями. Ключевые слова: микровзрыв, фрагментация, вторичное измельчение, капли топлива, коллективные эффекты. 
461 |t Письма в Журнал технической физики 
463 |t Т. 46, вып. 10  |v [С. 14-17]  |d 2020 
510 1 |a Microexplosive Fragmentation of a Group of Inhomogeneous Fuel Droplets  |z eng 
610 1 |a электронный ресурс 
610 1 |a труды учёных ТПУ 
610 1 |a микровзрывы 
610 1 |a фрагментация 
610 1 |a вторичное измельчение 
610 1 |a капли топлива 
610 1 |a коллективные эффекты 
700 1 |a Антонов  |b Д. В.  |c специалист в области теплоэнергетики  |c доцент, инженер-исследователь Томского политехнического университета, кандидат физико-математических наук  |f 1996-  |g Дмитрий Владимирович  |3 (RuTPU)RU\TPU\pers\46665  |9 22321 
701 1 |a Стрижак  |b П. А.  |c специалист в области теплоэнергетики  |c профессор Томского политехнического университета, доктор физико-математических наук  |f 1985-  |g Павел Александрович  |3 (RuTPU)RU\TPU\pers\25983  |9 11832 
701 1 |a Федоренко  |b Р. М.  |c специалист в области теплотехники  |c инженер-исследователь Томского политехнического университета, кандидат физико-математических наук  |f 1997-  |g Роман Михайлович  |9 88534 
712 0 2 |a Национальный исследовательский Томский политехнический университет  |b Инженерная школа энергетики  |b Научно-образовательный центр И. Н. Бутакова (НОЦ И. Н. Бутакова)  |3 (RuTPU)RU\TPU\col\23504  |9 28320 
801 2 |a RU  |b 63413507  |c 20201119  |g RCR 
856 4 |u http://dx.doi.org/10.21883/PJTF.2020.10.49424.18244 
942 |c CF